000 01146nam a2200325 a 4500
001 ELB68014
003 FlNmELB
006 m o d |
007 cr cn|||||||||
008 130122r2007 cl |||||s|||||||||||spa d
020 _z9789562845847
035 _a(MiAaPQ)EBC3206426
035 _a(Au-PeEL)EBL3206426
035 _a(CaPaEBR)ebr10638441
035 _a(OCoLC)1010728143
040 _aFlNmELB
_bspa
_cFlNmELB
050 4 _aNA2500
_bM562 2007
082 0 4 _a983.162
_222
100 1 _aMerino Zamorano, Luis.
245 1 0 _aLas Cruces
_h[recurso electronico] :
_bBarrio El Vaticano : arquitectura patrimonial /
_cLuis Merino zamorano.
260 _aSantiago de Chile :
_bRIL editores,
_c2007.
300 _a70 p.
490 0 _aBibliodiversidad
533 _aRecurso electrónico. Santa Fe, Arg.: e-libro, 2015. Disponible vía World Wide Web. El acceso puede estar limitado para las bibliotecas afiliadas a e-libro.
650 4 _aArquitectura
_zChile
_zLas Cruces.
650 0 _aArchitecture
_zChile.
655 4 _aLibros electrónicos.
710 2 _ae-libro, Corp.
856 4 0 _uhttps://elibro.net/ereader/usam/68014
999 _c143678
_d143678